01661nam a22002057a 4500003000900000005001700009008004100026040002800067100005900095245028300154260004100437300004200478502018700520504005300707505043200760700005101192700004201243700004301285830012701328DO-SdBJH20250328125704.0250328b |||||||| |||| 00| 0 spa d aDO-SdBJHbspacDO-SdBJH1 aRodríguez Fernández, Laurys Alexandraesustentante10aPropuesta para la actualización y reinserción de la mención maquinas Navales en la Licenciatura de Ciencias Navales 2024-2028 / c Laurys Alexandra Rodríguez Fernández, Marena Milagros García Vargas, asesores Randy Ezekiel Vegazo Fanith, Gertrudis Perera Rodríguez aSanto Domingo Este :bINSUDE, c2023 axiii, 83 páginas, cuadro, gráfico aTrabajo de grado (Licenciado en Ciencias Navales). -- Instituto Superior para la Defensa (INSUDE). Academia Naval Marina de Guerra “Vicealmirante Cesar D’Windt Lavandier”, 2023 aIncluye referencias bibliográficas e índices aMarco legal y situación actual de la Educación Técnica a nivel superior en la Armada de República Dominicana. -- Necesidad y pertinencia de reinsertar la mención maquinas Navales en la Licenciatura de Ciencias Navales de la Academia Naval. -- Propuesta para la actualización y reinserción la mención maquinas Navales en la Licenciatura de Ciencias Navales para satisfacer las necesidades actuales de la Armada1 a García Vargas, Marena Milagrosesustentante1 aVegazo Fanith, Randy Ezekiel easesor1 aPerera Rodríguez, Gertrudis easesor aINSUDE. Academia Naval Marina de Guerra “Vicealmirante Cesar D’Windt Lavandier”. Tesis y disertaciones académicas